World's Highest Volcanoes - Statistics

General Stats
  • This quiz has been taken 5 times
  • The average score is 2 of 20
Answer Stats
Height (ft) Answer % Correct
22,595 Ojos Del Salado
100%
20,561 Chimborazo
60%
22,110 Llullaillaco
20%
20,449 Pular
20%
20,630 Ampato
0%
19,954 Aracar
0%
21,329 Ata
0%
20,262 Aucanquilcha
0%
21,043 Cerro El Condor
0%
20,308 Cerro Solo
0%
19,872 Chachni
0%
20,922 Coropuna
0%
19,918 Guallatiri
0%
21,722 Incahuasi
0%
21,463 Nevado Sajama
0%
20,827 Parinacota
0%
20,161 San Pedro
0%
20,102 Sierra Nevada
0%
21,850 Tipas
0%
21,555 Tupungato
0%
No matching quizzes found
Score Distribution
Percent of People with Each Score
Percentile by Number Answered
Your Score History
You have not taken this quiz